000 02052cam a2200409 ab4500
999 _c3852
_d3852
001 2345451
003 OSt
005 20241111150848.0
008 211222r20192011enkab j 000 1 eng d
020 _a9780241335642
040 _aNFG
_beng
_cNFG
_dOCLCF
_dOCLCQ
_dOCLCO
_dTCPL
_dKH8
_eaacr2
042 _anbic
043 _ae-uk-en
082 0 _aFIC COL
100 1 _aColfer, Eoin.
_eaut.
245 1 0 _aArtemis Fowl and the lost colony /
_cEoin Colfer.
250 _aReissued edition.
260 _aLondon :
_bPuffin,
_c2019.
300 _a376 pages :
_billustrations, map ;
_c20 cm.
490 1 _aArtemis Fowl ;
_v5.
500 _a"Criminally good"--Cover.
500 _aOriginally published: 2006.
500 _aIncludes excerpt from 'Artemis Fowl and the Time paradox; The People - A Spotter's Guide; Fowl File: Leon Abbot, Demon; Gnommish Alphabet.
520 _aHas criminal mastermind Artemis Fowl met his match? Until recently Artemis Fowl was the only human to have discovered that fairies do exist. But now a second juvenile genius wants to capture one for scientific study - and not just any old fairy. The newcomer intends to trap a demon, the most human-hating species unknown to man. Only an ancient time spell separates the demons from mankind - and Artemis must prevent it from unravelling. If he fails, the bloodthirsty tribe willre-launch their quest to wipe humans from the planet ... There can only be one winner in this battle of the demons. And it may not be Artemis Fowl.
600 1 0 _aFowl, Artemis
_c(Fictitious character)
_vJuvenile fiction.
650 0 _aLeprechauns
_vJuvenile fiction.
650 0 _aTime travel
_xJuvenile fiction.
650 0 _aDemonology
_vJuvenile fiction.
650 0 _aFairies
_vJuvenile fiction.
650 0 _aMagic
_vJuvenile fiction.
650 0 _aRelativity (Physics)
_vJuvenile fiction.
650 0 _aSpace and time
_vJuvenile fiction.
651 0 _aEngland
_vJuvenile fiction.
800 1 _aColfer, Eoin.
_tArtemis Fowl ;
_vbk. 4.
830 0 _aArtemis Fowl ;
_v5.
942 _2ddc
_cFIC